00517nam a2200193 a 4500001001300000003000900013005001700022008004100039020001000080082001500090100001600105245007800121260002900199300000800228500003500236505001500271650002100286700001600307nice12345678IN_TiNIC20260116011543.0050524s1887 mada grp 000 0 per  ac10000a398.9bSEL aSell, Canon aMuhavarat-E-Farsib Collection of Persian Idiomntic & Colloquial Sentence aMadrasbSpck Pressc1887 a39p aincludes index and biblioraphy2 aVocabulary aProverbs-Persian1 aSell, Canon